00662 2200241 4500001002100000005001500021035002000036007000300056008004100059020002200100082001000122084002000132084002000152084002000172100002900192245007100221250001200292260002600304300005100330990001300381990001300394990001300407INLIS00000000000968220230713025445 a0010-0723000212ta230713 g 0 ind  a978-979-661-169-0 a728.3 a728.3 BRI d C.1 a728.3 BRI d C.2 a728.3 BRI d C.30 aBritania Satriyani Putri1 aDesain Fasad Rumah Di Lahan Lebar 10 M /cBritania Satriyani Putri acet. IV adepok :bgriya kreasi a115 hlm :billus bergambar warna ;c18 x 22 cm a023.4135 a023.4136 a023.4137